| 000 | 00861nam a22002057a 4500 | ||
|---|---|---|---|
| 005 | 20241022113450.0 | ||
| 008 | s2527 th tha d | ||
| 041 | _atha | ||
| 050 | _aHD42 อ411ก 2527 | ||
| 100 | 0 | _aปุระชัย เปี่ยมสมบูรณ์ | |
| 245 | 1 | 0 | _aการบริหารความขัดแย้งในองค์การ |
| 260 | 3 |
_bคณะรัฐประศาสนศาสตร์ สถาบันบัณฑิตพัฒนบริหารศาสตร์, _c2527 |
|
| 300 | _a195 หน้า | ||
| 650 | 0 | 4 | _aการจัดการความขัดแย้ง |
| 650 | 0 | 4 | _aองค์การ -- การบริหาร |
| 850 | _aNALT | ||
| 942 |
_cGB _01 |
||
| 997 | _c000000000005907 | ||
| 998 |
_aนางสาวสายฝน ดีงาม _j8 _k นายบัณฑิต อุทาวงค์ |
||
| 999 |
_c5907 _d5907 |
||